LEADER 01172nam a2200277 i 4500 001 000000172801 003 CaOOAMICUS 005 20080626000000.0 008 080626s1998 it u000 u ita u 013 $a150245 020 $a88-215-3621-1 040 $aSeMil$bita 100 1 $aWaldenfels, Hans,$d<1931- >.$0(OLS)http://semarc/name/17039 240 10$aGott. Auf der Suche nach dem Lebensgrund.$0(OLS)http://semarc/title/247543 245 10$aDio :$balla ricerca del fondamento della vita /$cHans Waldenfels. 260 $aCinisello Balsamo :$bSan Paolo,$c1998. 300 $a127 p. ;$c21 cm. 490 0 $aUniverso teologia ;$v57 650 4$aDio.$0(OLS)http://semarc/subject/4429 830 0$aUniverso teologia ;$v57.$0(OLS)http://semarc/title/224 850 $aSeMil 852 $aSeMil$W1$xVenegono$y1$m2D VII 109$j262994$B123653$CSeMilBibl$Z2$F134726 $81 961 $aOmaggio: Biblioteca Ambrosiana 996 $6020$a88-215-3621-1$9(OLS)http://semarc/number/160324 996 $6245$aDio :$balla ricerca del fondamento della vita$9(OLS)http://semarc/title/247542 996 $6260$aCinisello Balsamo :$bSan Paolo$9(OLS)http://semarc/publisher/30129 LEADER 00897nam a2200241 i 4500 001 000000210191 003 CaOOAMICUS 005 20120117000000.0 008 120117s1933 it u000 u ita u 013 $a188999 040 $aSeMil$bita 100 1 $aVitaliano, Italo.$0(OLS)http://semarc/name/59662 245 10$aCagliostro /$cItalo Vitaliano. 250 $a4. ed. 260 $aMilano :$bMediolanum,$c1933. 300 $a277 p., [10] p. di tav. :$bill. ;$c20 cm. 490 0 $aUomini e folle ;$v1. 600 14$aCagliostro, Alessandro <1743-1795>.$0(OLS)http://semarc/subject/8987 830 0$aUomini e folle ;$v1.$0(OLS)http://semarc/title/35235 850 $aSeMil 852 $aSeMil$W1$xVenegono$y1$m3S II 191$j160641$B160641$CSeMilBibl$Z2$F171556 $81 996 $6245$aCagliostro$9(OLS)http://semarc/title/61542 996 $6260$aMilano :$bMediolanum$9(OLS)http://semarc/publisher/36717